| 000 | 00458nam a2200169Ia 4500 | ||
|---|---|---|---|
| 008 | 210210b1991 xxu||||| |||| 00| 0 eng d | ||
| 020 | _a81 7018 667 6 | ||
| 082 | _a312 BOSP | ||
| 100 | _aBOSE (Ashish). | ||
| 245 | _aPopulation of India: 1991 census results and methodology. Ed 1. | ||
| 250 | _a | ||
| 260 |
_aDelhi. _bB R Publishing Corporation _c1991 |
||
| 300 | _a121 | ||
| 650 | _aCensus 1991 | ||
| 690 | _aPopulation Statistics | ||
| 906 | _a045332 | ||
| 999 |
_c94919 _d94919 |
||